[Event "St Petersburg Korchnoi Memorial op"]
[Site "St Petersburg"]
[Date "2018.08.20"]
[Round "6"]
[White "Kombar, Mariya"]
[Black "Scheglov, Dmitry"]
[Result "1-0"]
[WhiteElo "1765"]
[BlackElo "2082"]
[PlyCount "97"]
[EventDate "2018.08.15"]
[EventType "swiss"]
[EventRounds "9"]
[EventCountry "RUS"]
[SourceTitle "CBM 186 Extra"]
[Source "ChessBase"]
[SourceDate "2018.08.24"]
[SourceVersion "1"]
[SourceVersionDate "2018.08.24"]
[SourceQuality "1"]

1. e4 e6 2. d4 d5 3. exd5 exd5 4. Bd3 Bd6 5. Qf3 Nc6 6. c3 Be6 7. Ne2 Qd7 8. h3 0-0-0 9. Be3 Nge7 10. Nd2 f5 11. 0-0-0 h6 12. h4 Kb8 13. Bf4 g6 14. Qe3 Ng8 15. Nf3 Nf6 16. Ne5 Bxe5 17. Bxe5 Ng4 18. Qg3 Ncxe5 19. dxe5 c5 20. Rhe1 g5 21. hxg5 hxg5 22. f4 d4 23. cxd4 cxd4 24. Bc2 Rc8 25. Rxd4 Qc6 26. Nc3 gxf4 27. Qxf4 Qxg2 28. Rd2 Qh3 29. Qb4 Qh6 30. Qd6+ Ka8 31. Nb5 a6 32. Nc7+ Rxc7 33. Qxc7 Rc8 34. Qd6 f4 35. Kb1 Ne3 36. Be4 Ka7 37. Qd4+ Ka8 38. Qb4 Qg7 39. Rd6 Rc4 40. Rxa6+ Kb8 41. Qd6+ Qc7 42. Qxc7+ Kxc7 43. Rxe6 Rxe4 44. Rf6 b5 45. Rh1 Rxe5 46. Rh7+ Kd8 47. Ra6 Rc5 48. Ra8+ Rc8 49. Rh8+ 1-0

[Event "Chigorin Memorial 25th"]
[Site "St Petersburg"]
[Date "2017.10.21"]
[Round "1"]
[White "Petrova, Varvara"]
[Black "Scheglov, Dmitry"]
[Result "0-1"]
[WhiteElo "1362"]
[BlackElo "2155"]
[PlyCount "78"]
[EventDate "2017.10.21"]
[EventType "swiss"]
[EventRounds "9"]
[EventCountry "RUS"]
[SourceTitle "CBM 181 Extra"]
[Source "ChessBase"]
[SourceDate "2017.12.12"]
[SourceVersion "1"]
[SourceVersionDate "2017.12.12"]
[SourceQuality "1"]

1. e4 c5 2. Nf3 e6 3. d4 cxd4 4. Nxd4 a6 5. c4 Nf6 6. Nc3 Bb4 7. Qd3 d6 8. Be2 Nbd7 9. Qc2 0-0 10. 0-0 Qc7 11. Be3 Ne5 12. Nd1 Bd7 13. f3 Rac8 14. b3 Rfd8 15. Rc1 Bc5 16. Qb2 Nc6 17. Nc2 Qb6 18. a3 Ne5 19. b4 Bxe3+ 20. Ncxe3 h5 21. Kh1 h4 22. c5 Qc7 23. Qd4 Ng6 24. Nb2 dxc5 25. Rxc5 Bc6 26. Qc3 Nf4 27. Bc4 Qe7 28. Bxa6 h3 29. Bc4 Nd7 30. Ra5 b5 31. Bd3 Bxe4 32. Qb3 Qg5 33. gxh3 Nxd3 34. Nxd3 Qxe3 35. fxe4 Qxe4+ 36. Kg1 Qe3+ 37. Kg2 Ne5 38. Nc5 Rd2+ 39. Kh1 Qe2 0-1

[Event "St Petersburg Summer op"]
[Site "St Petersburg"]
[Date "2017.08.20"]
[Round "5"]
[White "Scheglov, Dmitry"]
[Black "Lintchevski, Daniil"]
[Result "0-1"]
[WhiteElo "2022"]
[BlackElo "2569"]
[PlyCount "82"]
[EventDate "2017.08.16"]
[EventType "swiss"]
[EventRounds "9"]
[EventCountry "RUS"]
[SourceTitle "CBM 180 Extra"]
[Source "ChessBase"]
[SourceDate "2017.10.06"]
[SourceVersion "1"]
[SourceVersionDate "2017.10.06"]
[SourceQuality "1"]

1. e4 e6 2. d4 d5 3. Nd2 c5 4. c3 cxd4 5. cxd4 dxe4 6. Nxe4 Nf6 7. Bd3 Bd7 8. Nf3 Nxe4 9. Bxe4 Bc6 10. Qd3 Bb4+ 11. Bd2 Bxe4 12. Qxe4 Bxd2+ 13. Nxd2 Nc6 14. Nb3 0-0 15. 0-0 Qf6 16. Rfd1 Rfd8 17. Rd2 Rd5 18. Rad1 Rad8 19. f4 g6 20. g3 R8d6 21. Qe3 b6 22. a3 a5 23. a4 Qd8 24. Kg2 Qd7 25. Qc3 Ne7 26. Qc4 Nf5 27. Kf2 h5 28. h3 Rc6 29. Qa6 Qc7 30. Kf3 Rc4 31. g4 Rb4 32. Rd3 Rxb3 33. gxf5 Rxd3+ 34. Qxd3 Rxf5 35. Qe3 g5 36. Rc1 Qxf4+ 37. Qxf4 Rxf4+ 38. Ke3 Rh4 39. Rc6 Rxh3+ 40. Ke4 Rb3 41. Ke5 Kg7 0-1

[Event "St Petersburg Summer op"]
[Site "St Petersburg"]
[Date "2017.08.18"]
[Round "3"]
[White "Scheglov, Dmitry"]
[Black "Nebolsina, Vera"]
[Result "1-0"]
[WhiteElo "2022"]
[BlackElo "2295"]
[PlyCount "49"]
[EventDate "2017.08.16"]
[EventType "swiss"]
[EventRounds "9"]
[EventCountry "RUS"]
[SourceTitle "CBM 180 Extra"]
[Source "ChessBase"]
[SourceDate "2017.10.06"]
[SourceVersion "1"]
[SourceVersionDate "2017.10.06"]
[SourceQuality "1"]

1. e4 c5 2. Nc3 Nc6 3. g3 g6 4. Bg2 Bg7 5. d3 e5 6. f4 d6 7. Nh3 exf4 8. Nxf4 h5 9. h3 Nge7 10. 0-0 Nd4 11. Ncd5 Nxd5 12. Nxd5 Be6 13. c3 Bxd5 14. exd5 Nf5 15. Qa4+ Kf8 16. Bf4 Qb6 17. g4 hxg4 18. hxg4 c4+ 19. Rf2 Rh4 20. Qxc4 Ne3 21. Qb3 Qxb3 22. axb3 Nxg4 23. Bxd6+ Kg8 24. Re2 Bh6 25. Bc5 1-0

[Event "Chigorin Memorial 24th"]
[Site "St Petersburg"]
[Date "2016.10.23"]
[Round "9"]
[White "Scheglov, Dmitry"]
[Black "Baranov, Andrey"]
[Result "1-0"]
[WhiteElo "1953"]
[BlackElo "2121"]
[PlyCount "73"]
[EventDate "2016.10.15"]
[EventType "swiss"]
[EventRounds "9"]
[EventCountry "RUS"]
[SourceTitle "CBM 175 Extra"]
[Source "ChessBase"]
[SourceDate "2016.12.12"]
[SourceVersion "1"]
[SourceVersionDate "2016.12.12"]
[SourceQuality "1"]

1. e4 e6 2. d4 b6 3. Bd3 Bb7 4. Nf3 Nf6 5. Qe2 d5 6. e5 Ne4 7. Nbd2 Nxd2 8. Bxd2 c5 9. c3 Nc6 10. h4 c4 11. Bc2 b5 12. Ng5 Be7 13. f4 Bxg5 14. hxg5 Qe7 15. Rh3 0-0-0 16. 0-0-0 a5 17. Rdh1 b4 18. Rxh7 Rhg8 19. Kd1 Ba6 20. f5 Qa7 21. Qg4 exf5 22. Bxf5+ Kb8 23. g6 fxg6 24. Bxg6 Rgf8 25. Bf5 bxc3 26. bxc3 Ka8 27. Rxg7 Qb6 28. Rh6 Bb5 29. Bc1 Ba4+ 30. Ke1 Qb5 31. Rc7 Qb6 32. Rhh7 Rb8 33. Ba3 Rg8 34. Qf3 Qb5 35. Bc5 Rbd8 36. e6 Rde8 37. Ra7+ 1-0

[Event "Chigorin Memorial 24th"]
[Site "St Petersburg"]
[Date "2016.10.20"]
[Round "6"]
[White "Khadzhiev, Valery"]
[Black "Scheglov, Dmitry"]
[Result "1-0"]
[WhiteElo "2170"]
[BlackElo "1953"]
[PlyCount "119"]
[EventDate "2016.10.15"]
[EventType "swiss"]
[EventRounds "9"]
[EventCountry "RUS"]
[SourceTitle "CBM 175 Extra"]
[Source "ChessBase"]
[SourceDate "2016.12.12"]
[SourceVersion "1"]
[SourceVersionDate "2016.12.12"]
[SourceQuality "1"]

1. d4 Nf6 2. c4 c5 3. d5 e6 4. Nc3 exd5 5. cxd5 d6 6. e4 g6 7. Nf3 Bg7 8. Be2 0-0 9. 0-0 Re8 10. Nd2 a6 11. a4 Nbd7 12. a5 Rb8 13. Qc2 b5 14. axb6 Nxb6 15. Nb3 Qe7 16. Na5 Bd7 17. Bf3 Nc8 18. Bf4 h6 19. h3 g5 20. Bh2 h5 21. e5 dxe5 22. Rfe1 Qd8 23. Rxe5 Rb4 24. Rxe8+ Qxe8 25. d6 g4 26. hxg4 hxg4 27. Bb7 Nb6 28. Bxa6 Nh5 29. Qd2 g3 30. fxg3 Rd4 31. Qe2 Qe5 32. g4 Qxe2 33. Bxe2 Bxg4 34. Bxg4 Rxg4 35. Nc6 Nf6 36. Rd1 Nfd7 37. Rd2 Rg6 38. Ne7+ Kf8 39. Nxg6+ fxg6 40. Kf1 Ke8 41. Nb5 Nc4 42. Re2+ Kd8 43. b3 Nce5 44. Nc7 Kc8 45. Ne6 Ng4 46. Bg1 Be5 47. Nxc5 Bxd6 48. Nxd7 Kxd7 49. Ra2 Nf6 50. Ra7+ Ke6 51. Ra6 Kd5 52. Ke2 Ne4 53. Kd3 Nf6 54. Ra5+ Kc6 55. Rg5 Nd5 56. Be3 Ne7 57. Ke4 Bb4 58. Bd4 Bd2 59. Rc5+ Kd7 60. Bf6 1-0

[Event "Chigorin Memorial 24th"]
[Site "St Petersburg"]
[Date "2016.10.17"]
[Round "3"]
[White "Scheglov, Dmitry"]
[Black "Kuznetsov, Felix"]
[Result "1-0"]
[WhiteElo "1953"]
[BlackElo "2200"]
[PlyCount "61"]
[EventDate "2016.10.15"]
[EventType "swiss"]
[EventRounds "9"]
[EventCountry "RUS"]
[SourceTitle "CBM 175 Extra"]
[Source "ChessBase"]
[SourceDate "2016.12.12"]
[SourceVersion "1"]
[SourceVersionDate "2016.12.12"]
[SourceQuality "1"]

1. e4 c5 2. Nc3 Nc6 3. g3 g6 4. Bg2 Bg7 5. d3 d6 6. f4 e6 7. Nf3 Nge7 8. Be3 0-0 9. 0-0 b6 10. Bf2 Ba6 11. Qd2 Rc8 12. Rae1 Qc7 13. g4 Nd4 14. Bh4 f5 15. exf5 gxf5 16. Ng5 Ng6 17. Bg3 Bb7 18. Nxe6 Nxe6 19. Rxe6 Bd4+ 20. Kh1 fxg4 21. f5 Qd7 22. Qe2 Ne5 23. Nd5 Kh8 24. Re7 Qc6 25. Bxe5+ dxe5 26. Qxg4 Rg8 27. Qh5 Rg7 28. Rxg7 Kxg7 29. f6+ Kh8 30. Be4 Qd7 31. f7 1-0

[Event "Chigorin Memorial 23rd"]
[Site "St Petersburg"]
[Date "2015.10.11"]
[Round "9"]
[White "Scheglov, Dmitry"]
[Black "Keadana, Amir"]
[Result "1/2-1/2"]
[WhiteElo "1910"]
[BlackElo "1730"]
[PlyCount "100"]
[EventDate "2015.10.03"]
[EventType "swiss"]
[EventRounds "9"]
[EventCountry "RUS"]
[SourceTitle "CBM 168 Extra"]
[Source "ChessBase"]
[SourceDate "2015.10.29"]
[SourceVersion "1"]
[SourceVersionDate "2015.10.29"]
[SourceQuality "1"]

1. e4 e6 2. d4 d5 3. Nd2 dxe4 4. Nxe4 Bd7 5. Nf3 Bc6 6. Bd3 Nd7 7. 0-0 Ngf6 8. Bg5 Be7 9. Qe2 Nxe4 10. Bxe7 Qxe7 11. Bxe4 Bxe4 12. Qxe4 c6 13. Rfe1 Nf6 14. Qd3 Rd8 15. c3 0-0 16. b4 b6 17. Ne5 Qd6 18. Qa6 Qc7 19. Rab1 Rd5 20. Rb3 Nd7 21. f4 f6 22. Nxd7 Qxd7 23. Ra3 Rf7 24. Qe2 Re7 25. Qf2 Qd6 26. Rb3 Rf5 27. g3 g5 28. Re4 gxf4 29. Rxf4 Rxf4 30. Qxf4 Qxf4 31. gxf4 e5 32. fxe5 fxe5 33. dxe5 Rxe5 34. Rb2 c5 35. Kf2 Kf7 36. Kf3 Kf6 37. Rd2 cxb4 38. cxb4 Rb5 39. a3 a5 40. Rd6+ Kg7 41. Rd4 Kf6 42. Ke4 Ke6 43. Rc4 Rh5 44. Rc6+ Kd7 45. Rxb6 axb4 46. axb4 Rxh2 47. Kf5 Rh5+ 48. Kg4 Rd5 49. Rb7+ Kc6 50. Rxh7 Rd4+ 1/2-1/2

[Event "Chigorin Memorial 23rd"]
[Site "St Petersburg"]
[Date "2015.10.10"]
[Round "8"]
[White "Sergeyev, Dmitriy"]
[Black "Scheglov, Dmitry"]
[Result "1/2-1/2"]
[WhiteElo "2077"]
[BlackElo "1910"]
[PlyCount "120"]
[EventDate "2015.10.03"]
[EventType "swiss"]
[EventRounds "9"]
[EventCountry "RUS"]
[SourceTitle "CBM 168 Extra"]
[Source "ChessBase"]
[SourceDate "2015.10.29"]
[SourceVersion "1"]
[SourceVersionDate "2015.10.29"]
[SourceQuality "1"]

1. e4 e6 2. d4 d5 3. Nd2 Be7 4. Ngf3 Nf6 5. Bd3 c5 6. e5 Nfd7 7. c3 Nc6 8. 0-0 g5 9. dxc5 Nxc5 10. Bb5 Nd7 11. Qe2 Qc7 12. Re1 a6 13. Bxc6 bxc6 14. Nf1 c5 15. Bxg5 Nxe5 16. Qxe5 Qxe5 17. Rxe5 f6 18. Bxf6 Bxf6 19. Re2 0-0 20. Rd1 Ra7 21. Ng3 h6 22. Ne5 Kh7 23. Rd3 Bg5 24. Rf3 Rxf3 25. Nxf3 Bf6 26. Ne5 a5 27. Nd3 Rc7 28. Nf4 Rc6 29. h3 Rd6 30. Nd3 Ba6 31. Rd2 Bg5 32. f4 Bxd3 33. fxg5 Bb1 34. gxh6 Bxa2 35. Ne4 Rc6 36. Ng5+ Kxh6 37. Nf7+ Kg7 38. Ne5 Rc7 39. b4 Bb3 40. bxa5 Kf6 41. Ng4+ Ke7 42. Rf2 Ra7 43. Ne5 Kd6 44. Nf7+ Ke7 45. Ne5 Kd6 46. Nf7+ Kc7 47. h4 Bd1 48. Ra2 Kc6 49. Ne5+ Kd6 50. Nd3 e5 51. Nf2 Bb3 52. Ra1 e4 53. h5 Ke5 54. Ng4+ Kf5 55. Ne3+ Kf4 56. Kf2 d4 57. cxd4 cxd4 58. g3+ Kg5 59. Ng2 e3+ 60. Nxe3 dxe3+ 1/2-1/2

[Event "Chigorin Memorial 23rd"]
[Site "St Petersburg"]
[Date "2015.10.06"]
[Round "4"]
[White "Feduk, Viktor"]
[Black "Scheglov, Dmitry"]
[Result "0-1"]
[WhiteElo "2136"]
[BlackElo "1910"]
[PlyCount "82"]
[EventDate "2015.10.03"]
[EventType "swiss"]
[EventRounds "9"]
[EventCountry "RUS"]
[SourceTitle "CBM 168 Extra"]
[Source "ChessBase"]
[SourceDate "2015.10.29"]
[SourceVersion "1"]
[SourceVersionDate "2015.10.29"]
[SourceQuality "1"]

1. e4 e6 2. d4 d5 3. Nd2 Be7 4. Ngf3 Nf6 5. e5 Nfd7 6. Bd3 c5 7. c3 Nc6 8. 0-0 g5 9. a3 Qb6 10. h3 h5 11. b4 cxd4 12. cxd4 g4 13. Nh2 Nxd4 14. hxg4 Nxe5 15. Nb3 Nxb3 16. Qxb3 hxg4 17. Be3 Qd6 18. g3 Nxd3 19. Qxd3 e5 20. Rad1 Be6 21. Qb5+ Qc6 22. Qxc6+ bxc6 23. f4 gxf3 24. Nxf3 f6 25. Nh4 a5 26. Ng6 Rh3 27. Nxe7 Kxe7 28. Bc5+ Kf7 29. Rd3 axb4 30. Rdf3 f5 31. Bxb4 Rah8 32. Kf2 d4 33. Ke1 Kg6 34. Bd6 e4 35. Rf4 Bc4 36. g4 Bxf1 37. gxf5+ Kf6 38. Bc5 Ke5 39. Rxf1 Rh1 40. f6 Rxf1+ 41. Kxf1 Rh6 0-1

[Event "Chigorin Memorial 23rd"]
[Site "St Petersburg"]
[Date "2015.10.04"]
[Round "2"]
[White "Eryshkanova, Anastasiya"]
[Black "Scheglov, Dmitry"]
[Result "1-0"]
[WhiteElo "2108"]
[BlackElo "1910"]
[PlyCount "173"]
[EventDate "2015.10.03"]
[EventType "swiss"]
[EventRounds "9"]
[EventCountry "RUS"]
[SourceTitle "CBM 168 Extra"]
[Source "ChessBase"]
[SourceDate "2015.10.29"]
[SourceVersion "1"]
[SourceVersionDate "2015.10.29"]
[SourceQuality "1"]

1. Nf3 Nf6 2. c4 e6 3. e3 c5 4. Qc2 b6 5. b3 Bb7 6. Bb2 d6 7. Be2 Nbd7 8. Nc3 a6 9. h3 Be7 10. d4 Qc7 11. a3 0-0 12. 0-0 Rac8 13. Rac1 Rfd8 14. Rfd1 h6 15. e4 cxd4 16. Nxd4 Bf8 17. Re1 Nc5 18. Bf3 e5 19. Nf5 g6 20. Ne3 Ne6 21. Bd1 Nd4 22. Qd3 Qd7 23. Ncd5 Nxd5 24. exd5 Nf5 25. Bg4 Rc7 26. Nxf5 gxf5 27. Bxf5 Qe7 28. Re3 Bc8 29. Be4 Bg7 30. Rce1 Rf8 31. Bh7+ Kh8 32. Rf3 b5 33. Bc1 bxc4 34. bxc4 Qd7 35. Bf5 Qa4 36. Re4 Bxf5 37. Rxf5 Rfc8 38. Bxh6 Rxc4 39. Bxg7+ Kxg7 40. Qg3+ Kf8 41. Qg6 Qd1+ 42. Kh2 Qxd5 43. Rxc4 Rxc4 44. Qf6 Ke8 45. Rh5 Kd7 46. Rh8 Kc6 47. Qd8 e4 48. Re8 Qf5 49. Qa8+ Kb5 50. Qb8+ Ka5 51. Qxd6 Qxf2 52. Qd5+ Rc5 53. Qxe4 Qd2 54. Qe1 Qxe1 55. Rxe1 Kb5 56. Rf1 f5 57. Rf3 Kc4 58. h4 Kd4 59. Kg3 Ke5 60. Re3+ Kf6 61. Rb3 Rc6 62. a4 Ke5 63. Rb4 Rc3+ 64. Kh2 Rc6 65. Kh3 Rc3+ 66. g3 Ra3 67. h5 Ra1 68. Kg2 Ra2+ 69. Kh3 Ra1 70. Kh4 a5 71. Rb5+ Kf6 72. Rb6+ Ke5 73. Kg5 Rxa4 74. Rb5+ Ke6 75. Rxf5 Ra1 76. g4 a4 77. Ra5 a3 78. Kg6 a2 79. g5 Ke7 80. Ra7+ Kf8 81. h6 Rb1 82. Ra8+ Ke7 83. Rxa2 Kf8 84. Ra8+ Ke7 85. h7 Rb6+ 86. Kg7 Rb5 87. Kg6 1-0

[Event "Palanga Baltija op-A"]
[Site "Palanga"]
[Date "2014.06.20"]
[Round "8"]
[White "Scheglov, Dmitry"]
[Black "Tsvetkov, Andrey"]
[Result "1-0"]
[WhiteElo "1773"]
[BlackElo "1816"]
[PlyCount "67"]
[EventDate "2014.06.16"]
[EventType "swiss"]
[EventRounds "9"]
[EventCountry "LTU"]
[SourceTitle "CBM 161 Extra"]
[Source "ChessBase"]
[SourceDate "2014.08.29"]
[SourceVersion "1"]
[SourceVersionDate "2014.08.29"]
[SourceQuality "1"]

1. e4 c5 2. Nf3 Nf6 3. Nc3 d5 4. Bb5+ Nc6 5. exd5 Nxd5 6. 0-0 e6 7. d4 cxd4 8. Nxd5 Qxd5 9. Nxd4 Bd7 10. Be3 Nxd4 11. Bxd7+ Qxd7 12. Qxd4 Qc6 13. Rad1 h5 14. Rfe1 h4 15. h3 Rh5 16. c4 g6 17. a3 Bc5 18. Qg7 Ke7 19. Bxc5+ Rxc5 20. Re3 Rg5 21. f3 Qc7 22. Red3 Rd8 23. Rxd8 Rxg2+ 24. Kf1 Rg1+ 25. Ke2 Rg2+ 26. Ke3 Qc5+ 27. Qd4 Qg5+ 28. Kd3 Qf5+ 29. Kc3 Qc2+ 30. Kb4 a5+ 31. Kc5 Rg5+ 32. Kb6 Qb3+ 33. Ka7 Qa4 34. Rd7+ 1-0

[Event "Palanga Baltija op-A"]
[Site "Palanga"]
[Date "2014.06.18"]
[Round "5"]
[White "Scheglov, Dmitry"]
[Black "Vikharev, Alexey"]
[Result "0-1"]
[WhiteElo "1773"]
[BlackElo "1857"]
[PlyCount "118"]
[EventDate "2014.06.16"]
[EventType "swiss"]
[EventRounds "9"]
[EventCountry "LTU"]
[SourceTitle "CBM 161 Extra"]
[Source "ChessBase"]
[SourceDate "2014.08.29"]
[SourceVersion "1"]
[SourceVersionDate "2014.08.29"]
[SourceQuality "1"]

1. e4 e5 2. Nf3 Nc6 3. Bb5 d6 4. 0-0 Bd7 5. c3 g6 6. d4 Bg7 7. Re1 Nf6 8. Nbd2 0-0 9. Nf1 Nxd4 10. Nxd4 exd4 11. Bxd7 Qxd7 12. cxd4 Rfe8 13. Ng3 Rad8 14. Bg5 h6 15. Bd2 c5 16. Bc3 Qc6 17. Qf3 d5 18. e5 Ne4 19. Nxe4 dxe4 20. Qe3 cxd4 21. Bxd4 Bxe5 22. Bxe5 Rxe5 23. Qxa7 Rd2 24. b4 Rf5 25. Rf1 b6 26. Rac1 Rdxf2 27. Rfe1 Qd5 28. Rcd1 Qxa2 29. Qxa2 Rxa2 30. Rxe4 Rff2 31. Rg4 h5 32. Rg3 Rfb2 33. Rf1 Rxb4 34. Rgf3 Rbb2 35. Rg3 h4 36. Rg4 h3 37. gxh3 Rxh2 38. Rb1 Rhb2 39. Rf1 b5 40. h4 b4 41. h5 Kg7 42. hxg6 fxg6 43. Rg3 Ra3 44. Rg4 Ra7 45. Kh1 Rb7 46. Rff4 b3 47. Rb4 Rxb4 48. Rxb4 g5 49. Kg1 Kg6 50. Rb6+ Kh5 51. Rb5 Kh4 52. Kf1 g4 53. Kg1 Kg3 54. Kf1 Rb1+ 55. Ke2 b2 56. Rb3+ Kg2 57. Rb4 g3 58. Rb3 Rf1 59. Rxg3+ Kxg3 0-1

[Event "Palanga Baltija op-A"]
[Site "Palanga"]
[Date "2014.06.16"]
[Round "1"]
[White "Scheglov, Dmitry"]
[Black "Sakalauskas, Vaidas"]
[Result "0-1"]
[WhiteElo "1773"]
[BlackElo "2389"]
[PlyCount "85"]
[EventDate "2014.06.16"]
[EventType "swiss"]
[EventRounds "9"]
[EventCountry "LTU"]
[SourceTitle "CBM 161 Extra"]
[Source "ChessBase"]
[SourceDate "2014.08.29"]
[SourceVersion "1"]
[SourceVersionDate "2014.08.29"]
[SourceQuality "1"]

1. e4 d6 2. d4 Nf6 3. Nc3 c6 4. f4 Qa5 5. Bd3 e5 6. Nf3 Nbd7 7. 0-0 Be7 8. Kh1 0-0 9. Bd2 Qc7 10. a4 b6 11. Ne2 Re8 12. c3 Bf8 13. Qb1 g6 14. Ng3 Bg7 15. f5 Bb7 16. h3 a6 17. Nh2 c5 18. d5 c4 19. Be2 b5 20. b4 cxb3 21. axb5 axb5 22. Bxb5 Rxa1 23. Qxa1 Ra8 24. Qb2 Nc5 25. fxg6 hxg6 26. Qb1 Qa5 27. Be2 Qa2 28. Nf3 Qxb1 29. Rxb1 Nfxe4 30. Nxe4 Nxe4 31. Bc4 Rc8 32. Bxb3 Nxc3 33. Rc1 Ne4 34. Rxc8+ Bxc8 35. Bb4 Bf8 36. Kg1 Bb7 37. Nd2 Nf6 38. Ba3 Be7 39. Kf2 Kg7 40. g4 Nxd5 41. Nf3 f5 42. gxf5 gxf5 43. Ba4 0-1